Pays qui possédaient Ljubljana à travers l'histoire - Statistiques

Statistiques générales
  • Ce quiz a été pris 32 fois
  • Le résultat moyen est 11 sur 13
Statistiques - réponses
Période Pays % Correct
1526 - 1804 Archiduché d'Autriche
97%
1896 - 1919 Empire austro-hongrois
97%
1804 - 1809 Empire d'Autriche
97%
1813 - 1896 Empire d'Autriche
97%
1991 - Aujourd'hui Slovènie
97%
1945 - 1999 République Fédérale de Yougoslavie
94%
1929 - 1941 Royaume de Yougoslavie
94%
1941 - 1943 Royaume d'Italie
94%
1943 - 1945 3e Reich / OZAK
81%
1809 - 1813 Empire Français
71%
1114 - 1526 Royaume de Hongrie
68%
1004 - 1114 Royaume de Croatie
58%
1919 - 1929 Royaume des serbes, croates et slovènes
13%
Aucun quiz correspondant
Distribution des résultats
% des personnes avec chaque résultat
Percentile par nombre de réponses
Votre historique - résultats
Vous n’avez pas pris ce quiz